Costa Rica: Programa de recuperación económica

Guardat en:
Dades bibliogràfiques
Autor corporatiu: Banco Mundial
Format: Text
Publicat: s.l.: BM
Etiquetes: Afegir etiqueta
Sense etiquetes, Sigues el primer a etiquetar aquest registre!

MARC

LEADER 00000 a a2200000 04500
001 24550
003
040
090 |a 176400  
110 |a Banco Mundial  
245 |a Costa Rica: Programa de recuperación económica  
260 |a s.l.:   |b BM  
300 |a 22 p.  
999 |c 15188  |d 15188